000 00302nam a22001337a 4500
082 _a823
_bSRI/M
100 _aSREE RAM PUBLICATION
245 _aMORAL STORY
246 _aMORAL STORY
_bMORAL STORY
260 _aINDIA
_bSREE RAM PUBLICATION
520 _aMORAL
650 _aENGLISH STORY
942 _cBK
999 _c8822
_d8822